| 000 | 00784cam a22002655a 4500 | ||
|---|---|---|---|
| 001 | 016443296 | ||
| 003 | OSt | ||
| 005 | 20201128024157.0 | ||
| 008 | 130502s2013 enk frb 001 0 eng d | ||
| 020 | _a9780140285185 | ||
| 040 |
_aStDuBDS _beng _cStDuBDS _dEG-ScBUE |
||
| 082 | 0 | 4 |
_a320.01 _222 _bRYA |
| 100 | 1 |
_aRyan, Alan, _d1940- |
|
| 245 | 1 | 0 |
_aOn politics / _cAlan Ryan. |
| 260 |
_aLondon : _bPenguin Books, _c2013. |
||
| 300 |
_axxv, 1114 p. ; _c20 cm. |
||
| 500 | _aOriginally published : 2012. | ||
| 504 | _aIncludes bibliographical references and index. | ||
| 650 | 7 |
_aPolitical Science _xPhilosophy. _2BUEsh _9684 |
|
| 650 | 7 |
_aPolitical science _xHistory. _2BUEsh _99516 |
|
| 651 | _2BUEsh | ||
| 653 |
_bBUSBOL _cOctober2017 |
||
| 655 |
_vText book _933728 |
||
| 942 | _2ddc | ||
| 999 |
_c25476 _d25448 |
||